| 000 | 00502pab a2200181 454500 | ||
|---|---|---|---|
| 008 | 180718b2009 xxu||||| |||| 00| 0 eng d | ||
| 100 | _aSiggel, Eckhard | ||
| 245 | _aImpact of the reforms on manufacturing enterprises in the Delhi region | ||
| 260 | _c2009 | ||
| 300 | _ap.69-71. | ||
| 362 | _a19 Sep | ||
| 650 | _aDelhi - Manufacturing industries | ||
| 650 | _aManufacturing industry | ||
| 700 | _aAgrawal, Pradeep | ||
| 773 | _aEconomic and Political Weekly | ||
| 908 | _aN | ||
| 909 | _a83991 | ||
| 999 |
_c83991 _d83991 |
||